Reader's Digest Condensed Books / (Record no. 594553)

000 -LEADER
fixed length control field 00289nam a22001097a 4500
082 ## - DEWEY DECIMAL CLASSIFICATION NUMBER
Classification number 051
Author Mark REA
100 ## - MAIN ENTRY--PERSONAL NAME
Personal name Beaudouin, John T. (Edt)
9 (RLIN) 111978
245 ## - TITLE STATEMENT
Title Reader's Digest Condensed Books /
Statement of responsibility, etc. John T. Beaudouin (Edt)
260 ## - PUBLICATION, DISTRIBUTION, ETC.
Place of publication, distribution, etc. New York ,
Date of publication, distribution, etc. 1978.
300 ## - PHYSICAL DESCRIPTION
Extent 573p. ;
942 ## - ADDED ENTRY ELEMENTS (KOHA)
Source of classification or shelving scheme
Koha item type Book
Holdings
Withdrawn status Lost status Source of classification or shelving scheme Damaged status Not for loan Permanent Location Current Location Date acquired Total Checkouts Full call number Barcode Date last seen Price effective from Koha item type
          School of Mechanical & Manufacturing Engineering (SMME) School of Mechanical & Manufacturing Engineering (SMME) 04/20/2023   051 REA SMME-3844 04/20/2023 04/20/2023 Book
© 2023 Central Library, National University of Sciences and Technology. All Rights Reserved.